| 000 | 02022cam a2200313 i 4500 | ||
|---|---|---|---|
| 001 | 991027329715207026 | ||
| 003 | UkOxU | ||
| 005 | 20251013164527.0 | ||
| 007 | ta | ||
| 008 | 241119t20252025enk e 000 1 eng d | ||
| 020 | _a9781784745769 | ||
| 035 |
_a(OCoLC)1473700891 _z(OCoLC)1435478645 _z(OCoLC)1435479725 |
||
| 035 | _a(OCoLC)on1473700891 | ||
| 040 |
_aAU@ _beng _erda _cAU@ _dAUNTL _dOCLCO _dAUPTL _dYDX _dATMOR _dUkOxU |
||
| 041 | _aeng | ||
| 050 |
_aPS3570.Y45 _bT497 2025 |
||
| 100 |
_aTyler, Anne _eauthor _926144 |
||
| 245 | 1 | 0 |
_aThree days in June _c/ Anne Tyler. |
| 260 |
_aLondon : _bChatto & Windus, _c2025. |
||
| 300 |
_a164 pages ; _c21 cm |
||
| 520 | _aIt's the day before her daughter's wedding and things are not going well for Gail Baines. First thing, she loses her job – or quits, depending who you ask. Then her ex-husband Max turns up at her door expecting to stay for the festivities. He doesn't even have a suit. Instead, he's brought memories, a shared sense of humour – and a cat looking for a new home. Just as Gail is wondering what's next, their daughter Debbie discovers her groom has been keeping a secret... As the big day dawns, the exes just can't agree on what's best for Debbie. Gail is seriously worried, while Max seems more concerned with whether to opt for the salmon or prime rib at the reception, if they make it that far. The day after the wedding, Gail and Max prepare to go their separate ways again. But all the questions about the future of the happy couple have stirred up the past for Gail. Because 'happy' takes many forms, and sometimes the younger generation has much to teach the older about secrets, acceptance and taking the rough with the smooth. | ||
| 650 | 0 |
_aDivorced people _vFiction _924310 |
|
| 650 | 0 |
_aLife change events _vFiction _924020 |
|
| 650 | 0 |
_aParent and adult child _vFiction _924313 |
|
| 650 | 0 |
_aWeddings _vFiction _926145 |
|
| 650 | 0 |
_aSecrecy _vFiction _925722 |
|
| 650 | 0 |
_aSelf-actualization (Psychology) _vFiction _926146 |
|
| 942 | _2lcc | ||
| 999 |
_c5042 _d5042 |
||